| 000 | 00443cam a2200181ua 4500 | ||
|---|---|---|---|
| 001 | 5554 | ||
| 008 | 131004n ii |||gr||||Z||||||eng | ||
| 020 | _a81-7156-672-3 | ||
| 040 | _cMAIN | ||
| 082 | _a307.7 | ||
| 245 |
_aRural Sociology _cby Rajendra Kumar Sharma |
||
| 260 |
_aDelhi: _bAtlantic, _c2007. |
||
| 300 | _avi,305p. | ||
| 653 | _aSociology | ||
| 653 | _aRural Sociology | ||
| 700 |
_aSharma,Rajendra Kumar, _eAuthor. |
||
| 942 | _cBK | ||
| 999 |
_c4720 _d4720 |
||